IBM Slovensko otvorila medzinárodné centrum pre počítačom riadený dizajn a výrobu

V spoločnosti IBM Slovensko, s.r.o. Bratislava vo februári vytvorené Kompetenčné centrum Catia - medzinárodné predvádzacie, vzdelávacie a vývojové centrum softwarových produktov CAD/CAM/CAE (počítačom riadený dizajn, výroba a inžiniering) s pôsobnosťou pre celú strednú a východnú Európu. Stručne o p...

Full description

Saved in:
Bibliographic Details
Main Author: Matyáš, J.
Format: Book Chapter
Language:Slovak
Subjects:
Tags: Add Tag
No Tags, Be the first to tag this record!

MARC

LEADER 00000naa a2200000 4500
001 r016955
005 20221213100835.5
041 0 |a slo 
044 |a SK 
245 1 0 |a IBM Slovensko otvorila medzinárodné centrum pre počítačom riadený dizajn a výrobu  |c J. Matyáš 
520 |a V spoločnosti IBM Slovensko, s.r.o. Bratislava vo februári vytvorené Kompetenčné centrum Catia - medzinárodné predvádzacie, vzdelávacie a vývojové centrum softwarových produktov CAD/CAM/CAE (počítačom riadený dizajn, výroba a inžiniering) s pôsobnosťou pre celú strednú a východnú Európu. Stručne o programovom systéme Catia vyvinutom francúzskou firmou Desault Systémes a predávanom firmou IBM. Využitie systému vo výrobe (Chrysler, Boeing, Sule-IKS, s.r.o. Považská Bystrica). 
610 2 0 |a IBM Slovensko, s.r.o. Bratislava 
610 2 0 |a softvér 
610 2 0 |a Catia 
610 2 0 |a CAD 
610 2 0 |a CAM 
610 2 0 |a CAE 
610 2 0 |a Desault Systémes 
610 2 0 |a stredná Európa 
610 2 0 |a východná Európa 
100 1 |a Matyáš, J.